[Event "45th Guernsey Open 2019"]
[Site "Vale"]
[Date "2019.10.23"]
[Round "4.4"]
[White "Curtis, John"]
[Black "Purdon, Colin"]
[Result "1/2-1/2"]
[WhiteElo "2292"]
[BlackElo "1993"]
[Annotator "ChessBase"]
[PlyCount "25"]
[EventDate "2019.10.20"]
[EventType "swiss"]
[EventCountry "GCI"]
[SourceTitle "playchess.com"]
[Source "ChessBase"]
[SourceQuality "1"]
[TimeControl "40/6000+30:2400+30"]

1. d4 {[%emt 0:00:00]} Nf6 {[%emt 0:00:00]} 2. Nf3 {[%emt 0:00:00]} g6 {[%emt 0:00:00]} 3. Bg5 {[%emt 0:00:24]} Bg7 {[%emt 0:00:19]} 4. Nbd2 {[%emt 0:00:21]} d5 {[%emt 0:01:04]} 5. e3 {[%emt 0:00:22]} O-O {[%emt 0:01:23]} 6. Bd3 {[%emt 0:01:07]} c5 {[%emt 0:02:46]} 7. c3 {[%emt 0:00:05]} Qb6 {[%emt 0:02:33]} 8. Rb1 {[%emt 0:01:57]} Nc6 {[%emt 0:00:52]} 9. O-O {[%emt 0:02:03]} Re8 {[%emt 0:05:17]} 10. b4 {[%emt 0:03:58]} cxb4 {[%emt 0:14:45]} 11. cxb4 {[%emt 0:00:14]} Be6 {[%emt 0:08:19]} 12. a3 {[%emt 0:07:08]} Nd7 {[%emt 0:07:27]} 13. Nb3 {[%emt 0:06:28]} 1/2-1/2

[Event "45th Guernsey Open 2019"]
[Site "Vale"]
[Date "2019.10.23"]
[Round "4.5"]
[White "Heppell, Ian N"]
[Black "Reijneveld, Ad"]
[Result "1-0"]
[WhiteElo "1995"]
[BlackElo "2056"]
[Annotator "NA"]
[PlyCount "49"]
[EventDate "2019.10.20"]
[EventType "swiss"]
[EventCountry "GCI"]
[SourceTitle "playchess.com"]
[Source "ChessBase"]
[SourceQuality "1"]
[TimeControl "40/6000+30:2400+30"]

1. e4 {[%emt 0:00:00]} c5 {[%emt 0:00:00]} 2. Nc3 {[%emt 0:00:00]} Nc6 {[%emt 0:00:00]} 3. f4 {[%emt 0:00:00]} g6 {[%emt 0:00:11]} 4. Nf3 {[%emt 0:00:00]} Bg7 {[%emt 0:00:09]} 5. g3 {[%emt 0:01:35]} e6 {[%emt 0:00:08]} 6. Bg2 {[%emt 0:00:14]} Nge7 {[%emt 0:00:07]} 7. d3 {[%emt 0:01:34]} d6 {[%emt 0:00:55]} 8. O-O {[%emt 0:01:18]} O-O {[%emt 0:00:30]} 9. g4 {[%emt 0:08:01]} f5 {[%emt 0:04:14]} 10. gxf5 {[%emt 0:03:04]} gxf5 {[%emt 0:00:43]} 11. Kh1 {[%emt 0:03:56]} Kh8 {[%emt 0:02:33]} 12. Ng5 {[%emt 0:09:11]} Qe8 {[%emt 0:03:16]} 13. Nb5 {[%emt 0:00:43]} h6 {[%emt 0:08:54]} 14. Nxd6 {[%emt 0:12:13]} Qg6 {[%emt 0:00:37]} 15. Nf3 {[%emt 0:03:01]} e5 {[%emt 0:04:28]} 16. fxe5 {[%emt 0:15:57]} (16. Nxc8 $18 Raxc8 17. Nh4) 16... Nxe5 {[%emt 0:08:57]} 17. Nxc8 $18 {[%emt 0:06:56]} Raxc8 {[%emt 0:00:26]} 18. Bf4 {[%emt 0:04:51]} Nxf3 {[%emt 0:14:32]} 19. Qxf3 {[%emt 0:01:16]} fxe4 {[%emt 0:04:13]} 20. Qxe4 {[%emt 0:00:34]} Qxe4 {[%emt 0:01:08]} 21. Bxe4 {[%emt 0:00:16]} b6 {[%emt 0:04:55]} 22. Bd6 {[%emt 0:04:15]} Rxf1+ {[%emt 0:02:04]} 23. Rxf1 {[%emt 0:00:10]} Ng8 {[%emt 0:00:15]} 24. Rf7 {[%emt 0:02:13]} Rd8 {[%emt 0:03:25]} 25. Be5 {[%emt 0:00:47]} 1-0

[Event "45th Guernsey Open 2019"]
[Site "Vale"]
[Date "2019.10.23"]
[Round "4.6"]
[White "Van den Boogaart, Jan Maarten"]
[Black "Rosen, Daniel B"]
[Result "1-0"]
[WhiteElo "2039"]
[BlackElo "1990"]
[Annotator "NA"]
[PlyCount "41"]
[EventDate "2019.10.20"]
[EventType "swiss"]
[EventCountry "GCI"]
[SourceTitle "playchess.com"]
[Source "ChessBase"]
[SourceQuality "1"]
[TimeControl "40/6000+30:2400+30"]

{[%evp 8,29,37,45,32767,48,59,52,84,56,60,71,32767,32767,32767,32767,231,32767,410,32767,32767,652,32767,360]} 1. e4 {[%emt 0:00:00]} d6 {[%emt 0:00:00]} 2. d4 {[%emt 0:00:00]} g6 {[%emt 0:00:00]} 3. Nc3 {[%emt 0:00:00]} Bg7 {[%emt 0:00:23]} 4. Be3 {[%emt 0:00:15]} c6 {[%emt 0:00:24]} 5. Qd2 {[%emt 0:00:56]} Nd7 {[%emt 0:00:24]} 6. Nf3 {[%emt 0:00:57]} b5 {[%emt 0:01:59]} 7. Bd3 {[%emt 0:01:33]} Bb7 {[%emt 0:00:19]} 8. O-O {[%emt 0:02:48]} a6 {[%emt 0:08:23]} 9. a4 {[%emt 0:10:22]} e5 {[%emt 0:15:32]} 10. dxe5 {[%emt 0:11:54]} dxe5 {[%emt 0:02:13]} 11. axb5 {[%emt 0:01:46]} axb5 {[%emt 0:00:23]} 12. Bxb5 {[%emt 0:30:28]} cxb5 $18 {[%emt 0:07:35]} (12... Ngf6) 13. Nxb5 {[%emt 0:00:06]} Bf8 {[%emt 0:08:27]} 14. Rxa8 {[%emt 0:04:55]} Bxa8 {[%emt 0:00:15]} 15. Rd1 {[%emt 0:02:11]} Bc6 {[%emt 0:03:44]} 16. Nxe5 {[%emt 0:09:00]} Bxb5 {[%emt 0:01:26]} 17. Qd5 {[%emt 0:01:03]} Qe7 {[%emt 0:06:51]} 18. Qxb5 {[%emt 0:03:52]} Ngf6 {[%emt 0:01:17]} 19. Nc6 {[%emt 0:02:17]} Qe6 {[%emt 0:00:29]} 20. Qb8+ {[%emt 0:00:14]} Nxb8 {[%emt 0:00:11]} 21. Rd8# {[%emt 0:00:09]} 1-0

[Event "45th Guernsey Open 2019"]
[Site "Vale"]
[Date "2019.10.23"]
[Round "4.7"]
[White "Thurlow, Kevin J"]
[Black "Kwossek, Georg"]
[Result "1/2-1/2"]
[WhiteElo "2021"]
[BlackElo "1984"]
[Annotator "NA"]
[PlyCount "34"]
[EventDate "2019.10.20"]
[EventType "swiss"]
[EventCountry "GCI"]
[SourceTitle "playchess.com"]
[Source "ChessBase"]
[SourceQuality "1"]
[TimeControl "40/6000+30:2400+30"]

1. c4 {[%emt 0:00:00]} f5 {[%emt 0:00:00]} 2. d4 {[%emt 0:00:09]} Nf6 {[%emt 0:00:00]} 3. Nc3 {[%emt 0:00:12]} g6 {[%emt 0:00:17]} 4. g3 {[%emt 0:00:27]} Bg7 {[%emt 0:00:06]} 5. Bg2 {[%emt 0:00:07]} O-O {[%emt 0:00:06]} 6. e3 {[%emt 0:01:22]} d6 {[%emt 0:00:09]} 7. Nge2 {[%emt 0:01:45]} Qe8 {[%emt 0:01:38]} 8. b3 {[%emt 0:03:27]} a5 {[%emt 0:04:05]} 9. Bb2 {[%emt 0:02:06]} Na6 {[%emt 0:00:31]} 10. a3 {[%emt 0:04:56]} Rb8 {[%emt 0:01:23]} 11. h4 {[%emt 0:04:10]} e5 {[%emt 0:01:43]} 12. O-O {[%emt 0:04:24]} h6 {[%emt 0:02:15]} 13. dxe5 {[%emt 0:10:58]} dxe5 $11 {[%emt 0:01:00]} 14. Nd5 {[%emt 0:00:20]} Nd7 {[%emt 0:01:46]} 15. Ndc3 {[%emt 0:11:55]} Nf6 {[%emt 0:03:25]} 16. Nd5 {[%emt 0:17:02]} Nd7 {[%emt 0:00:09]} 17. Ndc3 {[%emt 0:00:07]} g5 1/2-1/2

[Event "45th Guernsey Open 2019"]
[Site "Vale"]
[Date "2019.10.23"]
[Round "4.8"]
[White "Morcom, Huw"]
[Black "Pleasants, Allan J"]
[Result "1/2-1/2"]
[WhiteElo "1906"]
[BlackElo "2019"]
[Annotator "NA RC"]
[PlyCount "83"]
[EventDate "2019.10.20"]
[EventType "swiss"]
[EventCountry "GCI"]
[SourceTitle "playchess.com"]
[Source "ChessBase"]
[SourceQuality "1"]
[TimeControl "40/6000+30:2400+30"]

1. e4 {[%emt 0:00:00]} c5 {[%emt 0:00:00]} 2. Nf3 {[%emt 0:00:00]} e6 {[%emt 0:00:08]} 3. d3 {[%emt 0:00:19]} Nc6 {[%emt 0:00:09]} 4. Be2 {[%emt 0:00:13]} d6 {[%emt 0:07:46]} (4... Nf6 5. O-O Be7 6. c3 Qc7 7. Qc2 d5 8. Nbd2 Bd7 9. a3 Rc8 10. Re1 O-O 11. Bf1 b5 12. Qb1 {1-0 (50) Tsoi,D (2361)-Iljiushenok,I (2519) St Petersburg 2017}) 5. O-O {[%emt 0:00:07]} Nf6 {[%emt 0:00:36]} 6. Nbd2 {[%emt 0:00:08] B40: Sicilian: 2...e6, Unusual lines} Be7 {[%emt 0:00:50]} 7. Re1 {[%emt 0:00:07]} O-O {[%emt 0:00:19]} 8. Nf1 {[%emt 0:00:06]} Qc7 {[%emt 0:04:46]} 9. Ng3 {[%emt 0:00:08]} Re8 $146 {[%emt 0:05:35]} ({Predecessor:} 9... Bd7 10. Bf4 a6 11. Qd2 Rac8 12. Bf1 {0-1 (45) Jonas,N-Gonzalves,L Santos 2008}) 10. Bf1 {[%emt 0:00:07]} b6 {[%emt 0:04:11]} 11. b3 {[%emt 0:01:28]} Bb7 {[%emt 0:04:05]} 12. Bb2 {[%emt 0:00:08]} e5 {[%emt 0:07:30]} 13. Bc1 {[%emt 0:01:37]} d5 {[%emt 0:14:34]} 14. Bg5 {[%emt 0:03:17]} Rad8 {[%emt 0:09:43]} 15. Qc1 {[%emt 0:04:31]} Bc8 {[%emt 0:10:41]} 16. Qb2 {[%emt 0:01:04]} d4 {[%emt 0:02:34]} 17. h3 {[%emt 0:00:36]} h6 {[%emt 0:01:27]} 18. Bd2 {[%emt 0:00:06]} Bf8 {[%emt 0:03:53]} 19. Re2 {[%emt 0:00:07]} b5 {[%emt 0:01:31]} 20. a4 {[%emt 0:00:37]} a6 {[%emt 0:00:26]} 21. axb5 {[%emt 0:02:39]} axb5 {[%emt 0:00:06]} 22. Nf5 {[%emt 0:01:19]} Be6 {[%emt 0:03:49]} 23. g4 {[%emt 0:00:12]} Ra8 {[%emt 0:05:32]} 24. g5 {[%emt 0:00:26]} Nh5 {[%emt 0:03:19]} 25. gxh6 {[%emt 0:00:24]} g6 {[%emt 0:00:15]} 26. Ng7 {[%emt 0:02:17]} Nxg7 {[%emt 0:01:45]} 27. hxg7 {[%emt 0:00:06]} Bxg7 {[%emt 0:00:31]} 28. Rxa8 {[%emt 0:00:09]} Rxa8 {[%emt 0:00:04]} 29. Ng5 {[%emt 0:00:30]} Bc8 {[%emt 0:01:05]} 30. Qc1 {[%emt 0:01:32]} f6 {[%emt 0:01:27]} 31. Nf3 {[%emt 0:00:15]} Be6 {[%emt 0:00:43]} 32. Nh4 {[%emt 0:00:53]} Ne7 {[%emt 0:02:54]} 33. f4 {[%emt 0:00:19]} c4 {[%emt 0:04:51]} 34. bxc4 {[%emt 0:03:44]} bxc4 {[%emt 0:00:06]} 35. dxc4 {[%emt 0:04:32]} Bxc4 {[%emt 0:00:20]} 36. Rg2 {[%emt 0:00:57]} Bf7 {[%emt 0:05:06]} 37. fxe5 {[%emt 0:00:48]} Qxe5 {[%emt 0:00:47]} 38. Bd3 {[%emt 0:01:14]} Qh5 {[%emt 0:01:14]} 39. Qe1 {[%emt 0:02:20]} g5 {[%emt 0:01:00]} 40. Nf5 {[%emt 0:01:17]} Nxf5 {[%emt 0:00:52]} 41. exf5 {[%emt 0:40:07]} Re8 {[%emt 0:08:29]} 42. Qf2 $17 {[%emt 0:00:00]} 1/2-1/2

[Event "45th Guernsey Open 2019"]
[Site "Vale"]
[Date "2019.10.23"]
[Round "4.10"]
[White "Strade, Arita"]
[Black "Hoogakker, Peter"]
[Result "1/2-1/2"]
[WhiteElo "1882"]
[BlackElo "1749"]
[Annotator "NA RC"]
[PlyCount "70"]
[EventDate "2019.10.20"]
[EventType "swiss"]
[EventCountry "GCI"]
[SourceTitle "playchess.com"]
[Source "ChessBase"]
[SourceQuality "1"]
[TimeControl "40/6000+30:2400+30"]

1. e4 {[%emt 0:00:00]} d6 {[%emt 0:00:00]} 2. d4 {[%emt 0:00:40]} Nf6 {[%emt 0:00:00]} 3. Nc3 {[%emt 0:01:39]} Nbd7 {[%emt 0:00:54]} 4. Be3 {[%emt 0:05:21]} e5 {[%emt 0:00:58]} 5. Nf3 {[%emt 0:04:35]} c6 {[%emt 0:02:22]} 6. dxe5 {[%emt 0:05:11] B07: Pirc Defence: Miscellaneous Systems} (6. Nd2 exd4 7. Bxd4 Be7 8. Be2 O-O 9. O-O Re8 10. a4 Bf8 11. Re1 Nc5 12. Bf1 d5 13. exd5 Rxe1 14. Qxe1 Nxd5 15. Nxd5 Qxd5 {1-0 (32) Dvoirys,S (2552)-Neuman,P (2442) Pardubice 2017}) 6... dxe5 {[%emt 0:00:32]} 7. a3 {[%emt 0:00:39]} Ng4 $146 {[%emt 0:05:25]} ({Predecessor:} 7... Qc7 8. Bc4 Be7 9. h3 O-O 10. O-O Nc5 11. Nd2 b5 12. Ba2 Ne6 13. Bxe6 Bxe6 {0-1 (46) Van Dijk,G (1739)-Fischer,A (1912) Germany 2017}) 8. Bg5 {[%emt 0:10:22]} Qb6 {[%emt 0:01:59]} 9. Qd2 {[%emt 0:00:58]} h6 {[%emt 0:23:13]} 10. Na4 {[%emt 0:05:03]} Qxf2+ {[%emt 0:03:31]} 11. Qxf2 {[%emt 0:00:29]} Nxf2 {[%emt 0:00:07]} 12. Kxf2 {[%emt 0:00:05]} hxg5 {[%emt 0:00:07]} 13. Nxg5 {[%emt 0:00:24]} b5 {[%emt 0:03:03]} 14. Nc3 {[%emt 0:00:34]} Bc5+ {[%emt 0:00:14]} 15. Kg3 {[%emt 0:01:25]} Nf6 {[%emt 0:06:31]} 16. Be2 {[%emt 0:04:46]} Rh6 {[%emt 0:05:34]} 17. h4 {[%emt 0:02:29]} Be3 {[%emt 0:04:23]} 18. Rad1 {[%emt 0:07:50]} Rg6 {[%emt 0:05:16]} 19. Rd3 {[%emt 0:08:52]} Bd4 {[%emt 0:02:40]} 20. Kh2 {[%emt 0:03:44]} Bg4 {[%emt 0:03:08]} 21. Bf3 {[%emt 0:05:34]} O-O-O {[%emt 0:03:13]} 22. Nxf7 {[%emt 0:05:21]} Rd7 {[%emt 0:05:51]} 23. Ng5 {[%emt 0:00:39]} Rd8 {[%emt 0:00:27]} 24. Kg3 {[%emt 0:08:29]} Bxf3 {[%emt 0:02:24]} 25. Kxf3 {[%emt 0:02:45]} Nh5 {[%emt 0:02:46]} (25... Rh8 $11 {remains equal.}) 26. g3 {[%emt 0:01:12]} Rf6+ {[%emt 0:04:47]} 27. Kg4 {[%emt 0:02:28]} g6 {[%emt 0:00:33]} 28. Nf3 {[%emt 0:01:59]} a6 {[%emt 0:09:47]} 29. b3 {[%emt 0:01:29]} c5 {[%emt 0:01:28]} 30. Ne2 {[%emt 0:00:45]} Rdf8 {[%emt 0:01:47]} 31. c4 {[%emt 0:08:06]} ({Inferior is} 31. Nfxd4 cxd4 32. Re1 Rf2 $15) (31. Nexd4 $18 exd4 32. e5) 31... bxc4 $14 {[%emt 0:02:05]} 32. bxc4 {[%emt 0:00:10]} Rb6 {[%emt 0:00:36]} 33. Nexd4 {[%emt 0:01:03]} Nf6+ {[%emt 0:01:37]} 34. Kh3 {[%emt 0:02:22]} Nxe4 {[%emt 0:01:09]} 35. Rh2 {[%emt 0:01:27]} exd4 {[%emt 0:00:51]} 1/2-1/2

[Event "45th Guernsey Open 2019"]
[Site "Vale"]
[Date "2019.10.23"]
[Round "4.11"]
[White "Dennis, Nigel W"]
[Black "Hamann, Marcus"]
[Result "1/2-1/2"]
[WhiteElo "1768"]
[BlackElo "1802"]
[Annotator "NA"]
[PlyCount "55"]
[EventDate "2019.10.20"]
[EventType "swiss"]
[EventCountry "GCI"]
[SourceTitle "playchess.com"]
[Source "ChessBase"]
[SourceQuality "1"]
[TimeControl "40/6000+30:2400+30"]

1. e4 {[%emt 0:00:00]} c5 {[%emt 0:00:00]} 2. Nf3 {[%emt 0:00:00]} Nc6 {[%emt 0:00:00]} 3. d4 {[%emt 0:00:00]} cxd4 {[%emt 0:00:00]} 4. Nxd4 {[%emt 0:00:00]} Nf6 {[%emt 0:00:00]} 5. Nc3 {[%emt 0:00:03]} e5 {[%emt 0:00:06]} 6. Ndb5 {[%emt 0:01:43]} d6 $11 {[%emt 0:01:42]} 7. Bg5 a6 {[%emt 0:00:11]} 8. Na3 {[%emt 0:00:39]} Be7 {[%emt 0:02:14]} 9. Bxf6 {[%emt 0:02:44]} Bxf6 {[%emt 0:00:18]} 10. Nd5 {[%emt 0:00:36]} b5 {[%emt 0:05:10]} 11. c3 {[%emt 0:02:41]} O-O {[%emt 0:02:10]} 12. Nc2 {[%emt 0:00:55]} Bg5 {[%emt 0:03:06]} 13. Nce3 {[%emt 0:00:59]} Be6 {[%emt 0:01:53]} 14. Be2 {[%emt 0:01:20]} Ne7 {[%emt 0:03:43]} 15. O-O {[%emt 0:04:38]} Bxe3 {[%emt 0:05:02]} 16. Nxe3 {[%emt 0:00:45]} d5 {[%emt 0:01:13]} 17. exd5 {[%emt 0:00:13]} Nxd5 {[%emt 0:00:27]} 18. Nxd5 {[%emt 0:00:17]} Qxd5 {[%emt 0:00:18]} 19. Qxd5 {[%emt 0:06:16]} Bxd5 {[%emt 0:00:21]} 20. Rfd1 {[%emt 0:00:21]} Rad8 {[%emt 0:03:38]} 21. Kf1 {[%emt 0:05:42]} f5 {[%emt 0:22:18]} 22. a4 {[%emt 0:02:37]} Bc4 {[%emt 0:06:20]} 23. axb5 {[%emt 0:05:57]} axb5 {[%emt 0:06:54]} 24. Ke1 {[%emt 0:07:37]} Kf7 {[%emt 0:04:07]} 25. b4 {[%emt 0:04:05]} Bxe2 {[%emt 0:03:10]} 26. Kxe2 {[%emt 0:00:37]} Rxd1 {[%emt 0:01:08]} 27. Rxd1 {[%emt 0:00:12]} Ke6 {[%emt 0:00:20]} 28. g3 1/2-1/2

[Event "45th Guernsey Open 2019"]
[Site "Vale"]
[Date "2019.10.24"]
[Round "5.1"]
[White "Hebden, Mark L"]
[Black "Baker, Chris W"]
[Result "1-0"]
[WhiteElo "2427"]
[BlackElo "2245"]
[Annotator "NA"]
[PlyCount "65"]
[EventDate "2019.10.20"]
[EventType "swiss"]
[EventCountry "GCI"]
[SourceTitle "playchess.com"]
[Source "ChessBase"]
[SourceQuality "1"]
[TimeControl "40/6000+30:2400+30"]

1. d4 {[%emt 0:00:00]} d5 {[%emt 0:00:00]} 2. Nc3 {[%emt 0:01:42]} Nf6 {[%emt 0:06:04]} 3. Bf4 {[%emt 0:00:28]} a6 {[%emt 0:04:33]} 4. e3 {[%emt 0:00:39]} e6 {[%emt 0:05:56]} 5. g4 {[%emt 0:05:11]} c5 {[%emt 0:05:55]} 6. g5 {[%emt 0:00:47]} Nfd7 {[%emt 0:01:35]} 7. h4 {[%emt 0:01:26]} Nc6 {[%emt 0:03:41]} 8. Nf3 {[%emt 0:01:48]} Qa5 {[%emt 0:05:14]} 9. a3 {[%emt 0:01:32]} b5 {[%emt 0:04:43]} 10. Be2 {[%emt 0:05:03]} b4 {[%emt 0:08:24]} 11. axb4 {[%emt 0:01:57]} Qxb4 {[%emt 0:00:12]} 12. Ra2 {[%emt 0:03:54]} cxd4 {[%emt 0:02:39]} 13. exd4 {[%emt 0:01:57]} Bb7 {[%emt 0:03:14]} 14. O-O {[%emt 0:03:00]} Bc5 {[%emt 0:11:28]} 15. Nb5 {[%emt 0:12:11]} axb5 {[%emt 0:15:07]} 16. c3 {[%emt 0:00:25]} Rxa2 {[%emt 0:00:13]} 17. cxb4 {[%emt 0:00:07]} Bxb4 {[%emt 0:00:26]} 18. Bxb5 {[%emt 0:00:45]} Ra5 {[%emt 0:01:26]} 19. Bxc6 {[%emt 0:04:21]} Bxc6 {[%emt 0:00:11]} 20. Bd2 {[%emt 0:00:06]} Bxd2 {[%emt 0:06:07]} 21. Qxd2 {[%emt 0:00:08]} Ra6 {[%emt 0:01:09]} 22. Qb4 {[%emt 0:01:46]} f6 {[%emt 0:03:06]} 23. Re1 {[%emt 0:04:41]} Kf7 {[%emt 0:00:54]} 24. h5 {[%emt 0:00:14]} Rb8 {[%emt 0:01:32]} 25. Qd6 {[%emt 0:00:48]} Bb5 {[%emt 0:00:31]} 26. Qc7 {[%emt 0:00:48]} Ke7 {[%emt 0:02:30]} 27. h6 {[%emt 0:04:09]} Rg8 {[%emt 0:02:54]} 28. Kh2 {[%emt 0:04:25]} Bd3 {[%emt 0:03:21]} 29. hxg7 {[%emt 0:07:17]} Rxg7 {[%emt 0:00:21]} 30. gxf6+ {[%emt 0:00:22]} Kxf6 {[%emt 0:00:11]} 31. Qd8+ {[%emt 0:01:06]} Kf5 {[%emt 0:01:46]} 32. Ne5 {[%emt 0:04:40]} Bb5 {[%emt 0:04:21]} 33. Nxd7 {[%emt 0:01:37]} 1-0

[Event "45th Guernsey Open 2019"]
[Site "Vale"]
[Date "2019.10.24"]
[Round "5.2"]
[White "White, Nigel"]
[Black "Povah, Nigel E"]
[Result "0-1"]
[WhiteElo "1975"]
[BlackElo "2301"]
[Annotator "NA"]
[PlyCount "78"]
[EventDate "2019.10.20"]
[EventType "swiss"]
[EventCountry "GCI"]
[SourceTitle "playchess.com"]
[Source "ChessBase"]
[SourceQuality "1"]
[TimeControl "40/6000+30:2400+30"]

1. e4 {[%emt 0:00:00]} d5 {[%emt 0:00:00]} 2. exd5 {[%emt 0:00:00]} Qxd5 {[%emt 0:00:00]} 3. d4 {[%emt 0:00:08]} Nc6 {[%emt 0:05:06]} 4. Nf3 {[%emt 0:00:28]} Bg4 {[%emt 0:02:02]} 5. Be2 {[%emt 0:00:11]} e6 {[%emt 0:03:16]} 6. O-O {[%emt 0:00:59]} Nf6 {[%emt 0:14:19]} 7. Be3 {[%emt 0:02:52]} O-O-O {[%emt 0:03:27]} 8. c4 {[%emt 0:04:57]} Qf5 {[%emt 0:16:21]} 9. Nc3 {[%emt 0:00:36]} Bc5 {[%emt 0:11:15]} 10. Qa4 {[%emt 0:26:40]} Bxf3 {[%emt 0:04:13]} 11. dxc5 {[%emt 0:00:08]} Bxe2 {[%emt 0:02:43]} 12. Nxe2 {[%emt 0:00:01]} Ng4 {[%emt 0:09:22]} 13. Ng3 {[%emt 0:04:31]} Qe5 {[%emt 0:02:45]} 14. b4 {[%emt 0:00:28]} Nxe3 {[%emt 0:00:49]} 15. Rfe1 {[%emt 0:00:29]} Qc3 {[%emt 0:02:34]} 16. fxe3 {[%emt 0:00:14]} Qxb4 {[%emt 0:00:29]} 17. Qxb4 {[%emt 0:02:10]} Nxb4 {[%emt 0:00:20]} 18. Rab1 {[%emt 0:00:03]} Nd3 {[%emt 0:01:25]} 19. Rf1 {[%emt 0:00:01]} f5 {[%emt 0:02:00]} 20. Rb5 {[%emt 0:02:03]} a6 {[%emt 0:00:44]} 21. Ra5 {[%emt 0:00:49]} c6 {[%emt 0:01:02]} 22. Ne2 {[%emt 0:00:34]} g6 {[%emt 0:02:48]} 23. Nd4 {[%emt 0:03:58]} e5 {[%emt 0:00:48]} 24. Ne6 {[%emt 0:00:22]} Rd7 {[%emt 0:00:34]} 25. Ng5 {[%emt 0:01:39]} Re8 {[%emt 0:02:58]} 26. g3 {[%emt 0:00:20]} e4 {[%emt 0:00:43]} 27. h4 {[%emt 0:03:21]} Ne5 {[%emt 0:00:51]} 28. Ra4 {[%emt 0:00:46]} h6 {[%emt 0:01:11]} 29. Nh3 {[%emt 0:00:12]} Nf3+ {[%emt 0:00:26]} 30. Kh1 {[%emt 0:01:14]} Rd2 {[%emt 0:00:22]} 31. Rf2 {[%emt 0:00:52]} Red8 {[%emt 0:00:36]} 32. Kg2 {[%emt 0:01:31]} Ne5 {[%emt 0:05:05]} 33. Nf4 {[%emt 0:03:12]} Ng4 {[%emt 0:01:10]} 34. Rxd2 {[%emt 0:00:23]} Rxd2+ {[%emt 0:00:06]} 35. Kg1 {[%emt 0:00:05]} Nxe3 {[%emt 0:03:51]} 36. Nxg6 {[%emt 0:00:08]} Rg2+ {[%emt 0:00:25]} 37. Kh1 {[%emt 0:00:08]} Rxg3 {[%emt 0:00:14]} 38. Ra3 {[%emt 0:02:15]} Rxg6 {[%emt 0:00:58]} 39. Rxe3 {[%emt 0:00:05]} Kd7 0-1

[Event "45th Guernsey Open 2019"]
[Site "Vale"]
[Date "2019.10.24"]
[Round "5.3"]
[White "Bianco, Valerio"]
[Black "Van den Boogaart, Jan Maarten"]
[Result "1-0"]
[WhiteElo "2088"]
[BlackElo "2039"]
[Annotator "NA RC"]
[PlyCount "71"]
[EventDate "2019.10.20"]
[EventType "swiss"]
[EventCountry "GCI"]
[SourceTitle "playchess.com"]
[Source "ChessBase"]
[SourceQuality "1"]
[TimeControl "40/6000+30:2400+30"]

1. d4 {[%emt 0:00:00]} d5 {[%emt 0:00:00]} 2. c4 {[%emt 0:00:00]} c6 {[%emt 0:00:00]} 3. cxd5 {[%emt 0:00:00]} cxd5 {[%emt 0:00:05]} 4. Bf4 {[%emt 0:00:00]} Nc6 {[%emt 0:01:22]} 5. e3 {[%emt 0:00:03]} Nf6 {[%emt 0:00:34]} 6. Nc3 {[%emt 0:00:07]} Bf5 {[%emt 0:01:11]} 7. Qb3 {[%emt 0:00:30]} Na5 {[%emt 0:02:50]} 8. Qa4+ {[%emt 0:00:08]} Bd7 {[%emt 0:00:24]} 9. Qc2 {[%emt 0:00:24]} e6 {[%emt 0:00:50]} 10. Bd3 {[%emt 0:00:55]} Nc6 {[%emt 0:03:16]} 11. a3 {[%emt 0:02:17]} Nh5 {[%emt 0:00:45]} 12. Be5 {[%emt 0:05:00]} f6 {[%emt 0:00:39]} 13. Bg3 {[%emt 0:13:16]} f5 {[%emt 0:02:00]} 14. Nge2 {[%emt 0:11:08]} Be7 {[%emt 0:08:09]} 15. f3 {[%emt 0:07:39]} Nxg3 {[%emt 0:14:39]} 16. hxg3 {[%emt 0:00:23]} Qb6 {[%emt 0:14:49]} 17. Na4 {[%emt 0:18:14]} Qa5+ {[%emt 0:03:12]} 18. b4 {[%emt 0:03:08]} Bxb4+ {[%emt 0:04:16]} 19. Kf2 {[%emt 0:07:00]} Bd6 {[%emt 0:04:32]} 20. Nc5 {[%emt 0:02:29]} Bxc5 {[%emt 0:05:04]} 21. dxc5 {[%emt 0:02:03]} Ne5 {[%emt 0:02:25]} 22. Rhb1 {[%emt 0:02:27]} Ba4 {[%emt 0:04:03]} 23. Rb3 {[%emt 0:01:10]} Bxb3 {[%emt 0:01:09]} 24. Qxb3 {[%emt 0:00:05]} O-O {[%emt 0:04:59]} 25. Nf4 {[%emt 0:01:35]} Nxd3+ {[%emt 0:05:14]} 26. Qxd3 {[%emt 0:00:08]} Rfe8 {[%emt 0:03:29]} 27. Rb1 {[%emt 0:01:00]} Qxc5 {[%emt 0:04:06]} 28. Rxb7 {[%emt 0:00:28]} Rab8 {[%emt 0:00:27]} 29. Nxe6 {[%emt 0:02:10]} Qc1 {[%emt 0:12:37]} 30. Rxg7+ {[%emt 0:03:30]} Kh8 {[%emt 0:00:12]} 31. Rxh7+ {[%emt 0:00:33]} Kg8 {[%emt 0:00:18]} 32. Rh8+ {[%emt 0:15:43]} Kf7 {[%emt 0:00:08]} 33. Qxf5+ {[%emt 0:00:07]} Ke7 {[%emt 0:00:06]} 34. Rh7+ {[%emt 0:00:37]} Kd6 {[%emt 0:00:08]} 35. Qf4+ {[%emt 0:00:52]} Kxe6 {[%emt 0:00:13]} 36. Qf7+ {[%emt 0:00:33]} 1-0